American States to Battle- Map Quiz - Statistics

General Stats
  • This quiz has been taken 25 times
    24 since last reset
  • The average score is 8 of 15
Answers on the Map
Answers color-coded by a green-red scale on the quiz's map according to % correct below.
 
Answer Stats
Answer % Correct
The Alamo
75%
New Orleans
70%
Bunker Hill
55%
Shiloh
55%
Pea Ridge
55%
Saratoga
55%
Trenton
55%
Gettysburg
50%
Lake Erie
50%
Antietam
45%
Bull Run
45%
Mackinac Island
45%
King's Mountain
35%
Paducah
35%
Cowpens
30%
No matching quizzes found
Score Distribution
Percent of People with Each Score
Percentile by Number Answered
Your Score History
You have not taken this quiz since the last reset